01920nam a2200277 a 450000500170000000800410001702000180005804000350007604100080011104400070011908200190012610000350014524501620018026000480034230000760039050400540046650505480052065000870106865000650115565100580122070000360127870000350131494200150134999900170136495202610138120150707084239.0140531s2011 ck ab gr 00010 spa d a9789585708006 aCO-BoBLA cCO-BoBLAdCO-BoIAVH aspa ack04a333.72 bO24r 1 aOchoa Jaramillo, Doris.92129810aRetos para un desarrollo sostenible : btransformaciones en la amazonia colombiana / cDoris Ochoa Jaramillo, Adriana Rojas Suárez, Néstor Ortiz Pérez. aBogotá :bUSAID :bALISOS :bILSA,c2011. a122 páginas : bilustraciones, mapas, gráficos ; c28 cm. + e1 CD. aIncluye referencias bibliográficas (p. 114-117) aCap. 1 Sentido y alcance. Cap. 2 La Amazonia colombiana hoy. Cap. 3 Las políticas públicas sectoriales en la transformación de la Amazonia colombiana. Cap. 4 Las trayectorias sectoriales: la dinámica de los hidrocarburos. Cap. 5 Las trayectorias sectoriales: la dinámica de la minería. Cap. 6 Las trayectorias sectoriales: la dinámica de la infraestructura del transporte. Cap. 7 Las trayectorias sectoriales: la dinámica de la infraestructura de energía. Cap. 8 Desafíos para la conservación y la sostenibilidad. Cap. 5  4aConservación de la diversidad biológicaz Amazonas (Región, Colombia)935262 4aDesarrollo sosteniblez Amazonas (Región, Colombia)935263 4aAmazonas (Región, Colombia)x Descripción.9352641 aRojas Suárez, Adriana.9352651 aOrtiz Pérez, Néstor.92350 2ddccLIBRO c17527d17527 00102ddc40708GENERALA2011IINV2017aBogotabBogotad2015-07-07eInstitutog39000.00l0oLB-333.72 O24rp038877r2015-07-07 00:00:00tEj. 1w2015-07-07xDonaciónyLIBROzIncluye CD-ROM con anexos y el libro en forma digital abreviada. (Cod. 042080).